| 000 | 00368pab a2200157 454500 | ||
|---|---|---|---|
| 008 | 180718b2003 xxu||||| |||| 00| 0 eng d | ||
| 100 | _aVarshney, Ashutosh | ||
| 245 | _aSouth Asia and the war of terror | ||
| 260 | _c2003 | ||
| 300 | _ap.58-60. | ||
| 362 | _aJan | ||
| 650 | _aTerrorism - South Asia | ||
| 650 | _aTerrorism | ||
| 773 | _aSeminar | ||
| 909 | _a54911 | ||
| 999 |
_c54911 _d54911 |
||